00717nam a2200193Ia 4500008004100000020001800041082001700059100001800076245013800094250000800232260003400240300003100274500001900305600002700324650001500351942000700366952013300373999001700506240925s9999 xx 000 0 und d a9789694073873 a621.3822 HAS aHasnain , S.K 0aDigital Signal Processing: computer laboratory practical work book using DSP toolbox & blocksets in Matlab including TI TMS C6713 DSK a3rd aKarachi:bRoyal Booksc,2011. axxviii, 668p.b0fOriginal aIncludes Index aElectronic Engineering aTechnology cBK 001040708ELaUITUbUITUd2015-01-23eRoyal Book Companyg766.62l0o621.3822 HASpQ10012r2024-09-25 07:15:33w2024-09-25yBK c12511d12511